000 00676nam a2200277Ia 4500
005 20260324143446.0
008 008 260324s9999 xx 000 0 eng d
020 _a9781315884349
037 _aEBOOK
040 _aCRL
040 _beng
040 _cCRL
041 _2eng
041 _aeng
084 _qCRL
100 _aMichael Savage; James Barlow; Peter Dickens; Tom Fielding
_91215709
245 0 _aProperty Bureaucracy & Culture
260 _bTaylor and Francis
260 _c1992
365 _a
365 _b230
856 _uhttp://www.taylorfrancis.com/books/9781315884349
942 _cEBOOK
999 _c1821143
_d1821143